[Event "Vancouver Open"]
[Site "Vancouver, WA"]
[Date "2015.08.23"]
[Round "5"]
[White "Lee Nathan  (OR)"]
[Black "Hasuike Mike  (OR)"]
[Result "1/2-1/2"]
[WhiteElo "1346"]
[BlackElo "1534"]
[Annotator ""]
[Source ""]
[Remark "Reserve"]

1.e4 Nf6 2.e5 Nd5 3.d4 d6 4.Nf3 Bg4 5.Be2 e6 6.O-O Be7 7.c4 Nb6
8.b3 Nc6 9.Nc3 d5 10.c5 Nd7 11.Be3 f5 12.Ne1 Bxe2 13.Nxe2 Bg5
14.Bxg5 Qxg5 15.Nd3 O-O 16.Ndf4 Rfe8 17.Qd2 Nf8 18.b4 a6 19.Rfd1
Ng6 20.Rab1 Nh4 21.Ng3 Ng6 22.Nxg6 Qxd2 23.Rxd2 hxg6 24.f4 Kf7
25.Ne2 Nd8 26.a4 Ke7 27.Rd3 Rh8 28.Rg3 Rh6 29.Rh3 Rxh3 30.gxh3
Nf7 31.Rb3 Rh8 32.Rg3 Rh6 33.a5 c6 34.Nc3 Kd7 1/2-1/2

[Event "Vancouver Open"]
[Site "Vancouver, WA"]
[Date "2015.08.23"]
[Round "5"]
[White "Abdul-Mujeeb Numan  (WA)"]
[Black "Moore Michael  (OR)"]
[Result "1-0"]
[WhiteElo "1646"]
[BlackElo "1568"]
[Annotator ""]
[Source ""]
[Remark "Open"]

1.e4 d6 2.d4 Nf6 3.Nc3 g6 4.e5 dxe5 5.dxe5 Qxd1+ 6.Kxd1 Ng4 7.Be3
Nxe3+ 8.fxe3 Bg7 9.Nf3 Bg4 10.Nd5 Na6 11.Bxa6 Bxf3+ 12.gxf3 Rd8
13.Bxb7 e6 14.Bc6+ Kf8 15.Ke2 exd5 16.f4 Ke7 17.c3 Ke6 18.Rad1
g5 19.Rd3 f6 20.exf6 Bxf6 21.fxg5 Rd6 22.Ba4 ( 22.Bxd5+ Rxd5
23.Rxd5 Kxd5 24.gxf6 ) Bxg5 23.Rhd1 Rhd8 24.Bb3 Bf6 25.e4 c6
26.exd5+ cxd5 27.c4 dxc4 28.Bxc4+ Ke7 29.Re3+ Kd7 30.Rxd6+ Kxd6
31.Re6+ Kc5 32.Rxf6 Kxc4 33.Rf7 Rg8 34.Rc7+ Kd4 35.Rd7+ Ke4 36.Re7+
Kd4 37.Kd2 Rg2+ 38.Re2 Rg1 39.Kc2 Rg7 40.Kb3 Kd3 41.Rf2 Ke3 42.Rc2
Kd3 43.Rc3+ Kd2 44.Rg3 Rb7+ 45.Ka3 Kc2 46.b4 Rb6 47.Rg5 Kc3 48.Rc5+
Kd3 49.Rc7 Rh6 50.Rxa7 Rxh2 51.b5 Rh6 52.Ka4 Rh4+ 53.Ka5 Rh5
54.Ka6 Rh6+ 55.Kb7 Kc4 56.b6 Kb5 57.a4+ Kc5 58.Ra5+ Kb4 59.Ra6
Kc5 60.Ka7 Rf6 61.b7 1-0

[Event "Vancouver Open"]
[Site "Vancouver, WA"]
[Date "2015.08.23"]
[Round "5"]
[White "Beck Alec  (WA)"]
[Black "Haining Breck  (WA)"]
[Result "1-0"]
[WhiteElo "1516"]
[BlackElo "1329"]
[Annotator ""]
[Source ""]
[Remark "Reserve"]

1.d4 g6 2.c4 Bg7 3.Nf3 d6 4.e4 Bd7 5.Nc3 Nc6 6.d5 Ne5 7.Nxe5
Bxe5 8.f4 Bg7 9.Be3 c6 10.Be2 Qa5 11.Qc2 cxd5 12.exd5 Bf5 13.Bd3
Bxd3 14.Qxd3 Nf6 15.Bd2 O-O 16.Ne4 Qc7 17.Nxf6+ exf6 18.f5 Rfe8+
19.Kd1 Re7 20.fxg6 fxg6 21.Kc2 b5 22.b3 Rc8 23.Rhe1 bxc4 24.bxc4
Rxe1 25.Rxe1 Qxc4+ 26.Qxc4 Rxc4+ 27.Kd3 Rc7 28.Re6 f5 29.Bf4
Be5 30.Bxe5 dxe5 31.Rxe5 Rd7 32.Kc4 Kf7 33.Kc5 Re7 34.Rxe7+ Kxe7
35.Kc6 Kd8 36.Kb7 a5 37.a4 Kd7 38.Kb6 Kd6 39.Kxa5 Kc5 40.d6 Kxd6
41.Kb6 Kd7 42.Kb7 g5 43.a5 g4 44.a6 f4 45.a7 f3 46.gxf3 gxf3
47.a8Q f2 48.Qf8 f1N 49.Qxf1 h6 50.Qf6 h5 51.Kb6 Ke8 52.Kc6 h4
53.Kd6 h3 54.Qe7# 1-0

[Event "Vancouver Open"]
[Site "Vancouver, WA"]
[Date "2015.08.23"]
[Round "5"]
[White "Van Veen Kerry  (WA)"]
[Black "Romero Henry  (OR)"]
[Result "0-1"]
[WhiteElo "1579"]
[BlackElo "1321"]
[Annotator ""]
[Source ""]
[Remark "Reserve"]

1.d4 d5 2.c4 e6 3.Nc3 Nf6 4.Bg5 Be7 5.Nf3 O-O 6.e3 Nbd7 7.Bd3
dxc4 8.Bxc4 a6 9.O-O b5 10.Bd3 Bb7 11.a3 c5 12.Rc1 cxd4 13.exd4
Rc8 14.Re1 h6 15.Bxf6 Nxf6 16.Bb1 Bxf3 17.Qxf3 Qxd4 18.Rcd1 Qb6
19.Ne4 Rfd8 20.b4 a5 21.Nxf6+ Bxf6 22.Qe4 g6 23.Qf3 Be7 24.bxa5
Qxa5 25.Rc1 Rxc1 26.Rxc1 Bxa3 27.Rf1 Bc5 28.Qf6 Qc7 29.Ba2 Be7
30.Qb2 b4 31.g3 Qc3 32.Qe2 b3 33.Bb1 Qd2 34.Qg4 h5 35.Qc4 Qd5
36.Qc7 Bf6 37.Qf4 Kg7 38.Qa4 b2 39.Ba2 Ra8 40.Bxd5 Rxa4 41.Bb3
Ra1 42.Bc2 Bd4 43.Kg2 Rc1 44.Bd3 g5 45.f4 Rxf1 46.Kxf1 gxf4 47.gxf4
f5 48.Kg2 h4 49.h3 Kf6 50.Kf3 e5 51.fxe5+ Kxe5 52.Bb1 Bc5 53.Bc2
Be7 54.Bb1 0-1

[Event "Vancouver Open"]
[Site "Vancouver, WA"]
[Date "2015.08.23"]
[Round "5"]
[White "Deng Samuel  (WA)"]
[Black "Yeo Noah  (WA)"]
[Result "1/2-1/2"]
[WhiteElo "1613"]
[BlackElo "1827"]
[Annotator ""]
[Source ""]
[Remark "Open"]

1.d4 d5 2.c4 e6 3.Nc3 Be7 4.Bf4 Nf6 5.e3 c6 6.Bd3 Nbd7 7.Nge2
dxc4 8.Bxc4 b5 9.Bd3 O-O 10.O-O Bb7 11.Rc1 Nb6 12.Ne4 Nxe4 13.Bxe4
Rc8 14.Qb3 a6 15.Rc2 Bd6 16.Rfc1 Bxf4 17.Nxf4 Nd5 18.Nxd5 cxd5
19.Rxc8 Bxc8 20.Bd3 Bb7 21.a4 Qe7 22.axb5 axb5 23.Bxb5 g6 24.Ra1
Qc7 25.g3 Qb6 26.Qd3 Rc8 27.Ra3 Rb8 28.Rc3 Qa5 29.b3 Ra8 30.Ba4
Ba6 31.Qc2 Kg7 32.Kg2 Ra7 33.Qc1 h6 34.Rc5 Qb6 35.Qc3 g5 36.Rc6
Qb7 37.Qc5 Bd3 38.Rc8 Qe7 39.Qxe7 Rxe7 40.Bc6 Ra7 41.Ra8 Rc7
42.Be8 g4 43.Ra1 Rb7 44.Ra3 Rc7 45.Ra1 Rb7 46.h3 gxh3+ 47.Kxh3
Rxb3 48.Ra7 Bg6 49.Kg4 Rb2 50.f3 Rh2 51.Kf4 Kf6 52.Rb7 1/2-1/2

[Event "Vancouver Open"]
[Site "Vancouver, WA"]
[Date "2015.08.23"]
[Round "5"]
[White "Bluffstone Ari  (OR)"]
[Black "Yoshinaga David  (OR)"]
[Result "1/2-1/2"]
[WhiteElo "1583"]
[BlackElo "1700"]
[Annotator ""]
[Source ""]
[Remark "Reserve"]

1.Nf3 b6 2.g3 Bb7 3.Bg2 g5 4.O-O g4 5.Ne1 Bxg2 6.Nxg2 Nf6 7.d4
d5 8.c4 dxc4 9.Nc3 c6 10.a4 h5 11.Bg5 Nd5 12.e4 Nb4 13.d5 Nd3
14.Qd2 Ne5 15.Ne1 Qd7 16.f4 gxf3 17.Nxf3 Nxf3+ 18.Rxf3 f6 19.Bh4
Bh6 20.Qf2 Na6 21.Qe2 Qg4 22.Raf1 Nc5 23.Qxc4 Rd8 24.b4 cxd5
25.Qb5+ Nd7 26.Nxd5 O-O 27.Nxe7+ Kh7 28.Qf5+ Qxf5 29.Rxf5 Rf7
30.Nd5 Re8 31.Nxf6+ Nxf6 32.Rxf6 Rxf6 33.Rxf6 Rxe4 34.Rf7+ Kg6
35.Rxa7 Rxb4 36.Rb7 Kf5 37.Kf2 Ke4 38.Re7+ Kd3 39.Rd7+ Kc3 40.Rc7+
Kb3 41.Rh7 Bd2 42.Rxh5 Kxa4 43.Kf3 Bc3 44.Be7 Rc4 45.Rh4 b5 46.Rxc4+
bxc4 47.h4 Kb3 48.h5 Bg7 49.Bg5 c3 50.h6 Bh8 51.h7 c2 52.Ke4
Kc4 53.Kf5 Kd5 54.Kg6 Ke6 55.Bc1 Bd4 56.g4 Be5 57.Kh5 Kf7 58.Kg5
Kg7 59.Kf5 Bc3 60.Ke4 Kxh7 1/2-1/2

[Event "Vancouver Open"]
[Site "Vancouver, WA"]
[Date "2015.08.23"]
[Round "5"]
[White "Lee Addison  (WA)"]
[Black "Brown Nicholas  (OR)"]
[Result "1-0"]
[WhiteElo "1646"]
[BlackElo "1461"]
[Annotator ""]
[Source ""]
[Remark "Reserve"]

1.c4 Nf6 2.Nc3 g6 3.g3 Bg7 4.Bg2 d6 5.e4 e5 6.Nge2 O-O 7.O-O
Nbd7 8.d3 a5 9.f4 c6 10.f5 Nc5 11.Be3 Ng4 12.Qd2 Nxe3 13.Qxe3
Bd7 14.g4 Bf6 15.Kh1 Bg5 16.Qf3 f6 17.Qg3 Bd2 18.h4 g5 19.hxg5
Bxg5 20.Ng1 Kg7 21.Nh3 h6 22.Ne2 Rb8 23.d4 Na6 24.dxe5 dxe5 25.Rfd1
Qe7 26.Qc3 b6 27.a3 a4 28.Rab1 Nc5 29.Qb4 Rfd8 30.Nc3 Qf8 31.Nxa4
Nxa4 32.Qxa4 Be3 33.Rd3 Bd4 34.Ng1 c5 35.Qd1 b5 36.b3 Qd6 37.Ne2
bxc4 38.bxc4 Rxb1 39.Qxb1 Rb8 40.Rb3 Rxb3 41.Qxb3 Bf2 42.Nc3
Qd3 43.Qb7 Qxc3 44.Qxd7+ Kf8 45.Qd6+ Kf7 46.Qe6+ Kg7 47.Qe7+
Kg8 48.Qe8+ Kg7 49.Qg6+ Kf8 50.Qxf6+ Ke8 51.Qxh6 Qe1+ 52.Kh2
Bh4 53.Qh8+ Kd7 54.Qxe5 Bd8 55.f6 Qh4+ 56.Kg1 Qe1+ 57.Bf1 Qg3+
58.Kh1 Qf3+ 59.Bg2 Qxf6 60.Qxf6 Bxf6 1-0

[Event "Vancouver Open"]
[Site "Vancouver, WA"]
[Date "2015.08.23"]
[Round "5"]
[White "Talyansky Seth  (OR)"]
[Black "Pupols Viktors  (WA)"]
[Result "1-0"]
[WhiteElo "2017"]
[BlackElo "2204"]
[Annotator ""]
[Source ""]
[Remark "Open"]

1.e4 d6 2.d4 Nf6 3.Nc3 Nbd7 4.Be3 e5 5.g4 h6 6.h3 c6 7.a4 Be7
8.Nge2 b6 9.Ng3 g6 10.Qd2 h5 11.f3 Bb7 12.O-O-O Qc7 13.Be2 O-O-O
14.d5 c5 15.Bc4 Rdg8 16.b3 Kd8 17.Kb2 a6 18.Qe2 Nb8 19.Rdf1 h4
20.Nf5 gxf5 21.exf5 Nh7 22.Bf2 Ng5 23.Re1 f6 24.Qd3 Rg7 25.Re3
Bc8 26.Qf1 Qb7 27.Qe2 Nd7 28.Qd3 Nb8 29.Rh2 Rgh7 30.Be1 Bf8 31.Qf1
Nd7 32.Rhe2 Bh6 33.Rd3 Nf7 34.Rd1 Bf4 35.Rg2 Ng5 36.Rg1 Kc7 37.Rh1
Kb8 38.Qg2 Ka7 39.Bf2 Nf8 40.Rhf1 Qg7 41.Bg1 Nd7 42.Ra1 Nb8 43.Ra2
Kb7 44.Raa1 Kc7 45.Rfe1 Kd8 46.Ne2 Bg3 47.Rf1 Nf7 48.Nc3 Bf4
49.Qe2 Ng5 50.Qg2 Qh6 51.Rfe1 Rb7 52.Red1 Qg7 53.Qf1 Re7 54.Bd3
Qf8 55.Qg2 Qe8 56.Re1 Qg8 57.Rad1 Ra7 58.Ra1 Bd7 59.Red1 Be8
60.Qf1 Qf7 61.Qg2 Qd7 62.Qf1 Ke7 63.Ra2 Qc8 64.Raa1 Bd7 65.Ra2
Rb7 66.Ra3 b5 67.axb5 axb5 68.Bxb5 Bxb5 69.Nxb5 Qd7 70.c4 Kf8
71.Kc2 Nf7 72.Rda1 Qe7 73.Bf2 e4 74.Re1 Ng5 75.fxe4 Nd7 76.Ra8+
Kg7 77.Rxh8 Kxh8 78.Bxh4 Qe5 79.Re2 Nf8 80.Be1 Bg3 81.Bc3 Qf4
82.Bxf6+ Kg8 83.Qxf4 Bxf4 84.Nxd6 Ra7 85.Kb1 Rh7 86.e5 Rxh3 87.e6 1-0

[Event "Vancouver Open"]
[Site "Vancouver, WA"]
[Date "2015.08.23"]
[Round "5"]
[White "Zhang Gavin  (OR)"]
[Black "Winkler Jake  (OR)"]
[Result "1-0"]
[WhiteElo "1787"]
[BlackElo "1627"]
[Annotator ""]
[Source ""]
[Remark "Open"]

1.e4 c5 2.c3 d6 3.d4 cxd4 4.cxd4 Nf6 5.Nc3 Nbd7 6.Be3 e5 7.Nge2
Be7 8.h3 O-O 9.g3 b6 10.Bg2 Ba6 11.O-O Re8 12.f4 exd4 13.Bxd4
Rb8 14.Rf2 Nc5 15.Nc1 Bb7 16.Qe1 Bf8 17.Re2 Qd7 18.Bxf6 gxf6
19.b4 Ne6 20.a3 Nc7 21.Nb3 Bg7 22.Rd1 Qe7 23.Nd4 Qf8 24.Nf5 Red8
25.Red2 Ne8 26.Nb5 a6 27.Nbxd6 Nxd6 28.Rxd6 Qe8 29.Qe2 Rxd6 30.Rxd6
Bc8 31.Nxg7 Kxg7 32.Qd1 Be6 33.Qd4 Qe7 34.e5 fxe5 35.Qxe5+ Qf6
36.Rxe6 Qxe5 37.Rxe5 Rd8 38.Rd5 Rc8 39.Rd6 Rb8 40.a4 a5 41.b5
Kf8 42.Bc6 Kg7 43.Bd5 Kf8 44.Rd7 1-0

[Event "Vancouver Open"]
[Site "Vancouver, WA"]
[Date "2015.08.23"]
[Round "5"]
[White "Munsey Michael  (WA)"]
[Black "Prideaux Dave  (OR)"]
[Result "0-1"]
[WhiteElo "1404"]
[BlackElo "1112"]
[Annotator ""]
[Source ""]
[Remark "Reserve"]

1.d4 d5 2.c4 Nf6 3.Nc3 dxc4 4.Bg5 Nbd7 5.e3 h6 6.Bh4 Nb6 7.Bxc4
Bd7 8.Bd3 Bc6 9.Nf3 e6 10.O-O g5 11.Bg3 Bd6 12.Bxd6 Qxd6 13.Ne5
Nbd7 14.Nxc6 Qxc6 15.Rc1 O-O-O 16.Qc2 Nb6 17.Ne4 ( 17.Qb3 ) Qxc2
18.Rxc2 Nfd5 19.a3 f5 20.Nc3 h5 21.Nxd5 Rxd5 22.Rfc1 Rh7 23.b3
Kb8 24.Rc5 h4 25.Rxd5 Nxd5 26.Rc5 a6 27.Bc4 ( 27.Bxf5 exf5 28.Rxd5 )
b6 28.Rc6 Re7 29.Bxd5 exd5 30.Rg6 Kb7 31.Rxg5 c5 32.dxc5 d4 33.Rxf5
Kc6 34.cxb6 d3 35.Rf4 ( 35.Rf6+ ) d2 36.Rd4 Rd7 37.Kf1 d1Q+ 38.Rxd1
Rxd1+ 39.Ke2 Rd8 40.f4 Kxb6 41.Kf3 Rd3 42.Ke4 Rxb3 43.f5 Kc5
44.g4 Rb2 45.Ke5 Rxh2 46.f6 Rf2 47.g5 h3 48.g6 h2 49.g7 h1Q 50.g8Q
Qa1+ 51.Ke4 Qh1+ 52.Ke5 Qh5+ 53.Ke4 Qf3+ 54.Kd3 Qf5+ 55.e4 Qf3# 0-1

[Event "Vancouver Open"]
[Site "Vancouver, WA"]
[Date "2015.08.23"]
[Round "5"]
[White "Seitzer Phillip  (OR)"]
[Black "Bjorksten Lennart  (OR)"]
[Result "1-0"]
[WhiteElo "2191"]
[BlackElo "2185"]
[Annotator ""]
[Source ""]
[Remark "Open"]

1.e4 c6 2.d4 d5 3.e5 Bf5 4.Nf3 e6 5.Be2 Be7 6.O-O h5 7.Be3 Bg4
8.Nbd2 Nh6 9.h3 Bxf3 10.Bxf3 h4 11.Nb3 Nd7 12.c4 dxc4 13.Nd2
Nb6 14.Be4 Nf5 15.Qg4 g6 16.Rac1 Rh5 17.Nxc4 Nxc4 18.Rxc4 Bg5
19.Qf3 Bxe3 20.fxe3 Kf8 21.b4 a6 22.a4 Kg7 23.Rc2 Qe7 24.Rb2
Rg5 25.Qf4 Ng3 26.Qf6+ Qxf6 27.exf6+ Kg8 28.Rf4 e5 29.Rxh4 exd4
30.exd4 Re8 31.Bd3 Re6 32.b5 axb5 33.axb5 cxb5 34.Bxb5 Rxf6 35.Bd3
b6 36.Kh2 Nh5 37.Be4 Rd6 38.Bf3 Ng7 39.d5 Rf5 40.Rhb4 Rff6 41.Rc4
Nf5 42.Rc6 Ne7 43.Rbxb6 Rxc6 44.dxc6 Kg7 45.Kg1 Re6 46.Kf2 Kf6
47.g3 Ke5 48.Rb5+ Kd6 49.Rb7 Nxc6 50.Bxc6 Kxc6 51.Rxf7 Kd6 52.Kf3
Ke5 53.Kg4 Ra6 54.Rf3 Ke4 55.Rf4+ Ke5 56.Kg5 Ra8 57.Rh4 Ke6 58.Rh7
Rg8 59.g4 Ke5 60.Rh6 1-0

[Event "Vancouver Open"]
[Site "Vancouver, WA"]
[Date "2015.08.23"]
[Round "5"]
[White "Kou Jeffrey  (WA)"]
[Black "Hisel David  (WA)"]
[Result "0-1"]
[WhiteElo "1172"]
[BlackElo "1381"]
[Annotator ""]
[Source ""]
[Remark "Reserve"]

1.d4 f5 2.c4 Nf6 3.Nc3 g6 4.Nf3 Bg7 5.Bf4 d6 6.e3 O-O 7.Bd3 Nc6
8.O-O e6 9.Qc2 Nb4 10.Qd2 Nxd3 11.Qxd3 Qe8 12.Nb5 Qd7 13.Rad1
a6 14.Nc3 Qe8 15.d5 e5 16.Rfe1 exf4 17.exf4 Qf7 18.Ng5 Qd7 19.Re2
Re8 20.Rde1 Rxe2 21.Qxe2 h6 22.Ne6 c6 23.dxc6 bxc6 24.Na4 Rb8
25.Nxg7 Qxg7 26.c5 Ne4 27.Qc4+ d5 28.Qc2 Rb4 29.Nb6 Rxb2 30.Qc1
Qd4 31.Qe3 Qxe3 32.fxe3 Be6 33.Rc1 Rxa2 34.Na8 Re2 35.Nc7 Bc8
36.Na8 a5 37.Nb6 Ba6 38.h3 Rxe3 39.Ra1 Nxc5 40.Rxa5 Bb5 41.Nxd5
cxd5 42.Rxb5 Ne4 43.Rxd5 h5 44.Re5 h4 45.Ra5 Re1+ 46.Kh2 Ng3
47.Ra1 Re4 48.Ra8+ Kf7 49.Ra7+ Re7 50.Rxe7+ Kxe7 51.Kg1 Ne2+
52.Kf2 Nxf4 53.Kf3 g5 54.Kf2 Kf6 55.Kf3 Ke5 56.Kf2 Ke4 57.Kg1
g4 58.hxg4 fxg4 59.Kh2 Nh5 60.g3 Nxg3 61.Kg2 Kf4 62.Kg1 Ne4 63.Kg2
g3 64.Kg1 Kf3 65.Kf1 g2+ 66.Kg1 h3 67.Kh2 Kf2 68.Kxh3 g1Q 69.Kh4
Qg5+ 0-1